English orthographie or The art of right spelling, reading, pronouncing, and writing all sorts of English words : Wherein such, as one can possibly mistake, are digested in an alphabetical order, under their several, short, yet plain rules. Also some rules for the points, and pronunciation, and the using of the great letters. Together with the difference between words of like sound. All which are so suited to every capacitie, that he, who studies this art, according to the directions in the epistle, may be speedily, and exactly grounded in the whole language.

Bibliographic Details
Main Author: Price, Owen, d. 1671
Format: eBook
Language:English
Published: Oxford : printed by Henry Hall, for Francis Titon, at the three Daggers in Fleet street, 1668.
Series:Early English books online.
Subjects:
Online Access:Connect to the full text of this electronic book

MARC

Tag First Indicator Second Indicator Subfields
LEADER 00000nam a2200000 4500
001 in00004323402
005 20200812080328.0
006 m g d
007 cr bn |||a|bb|
008 950612s1668 enk o 00| | eng d
035 |a (UnM)99829579 
037 |a CL0037000078  |b ProQuest Information and Learning. 300 N. Zeeb Rd., Ann Arbor, MI 48106 
040 |a Cu-RivES  |c Cu-RivES  |d CStRLIN  |e dcrb  |d WaOLN 
100 1 |a Price, Owen,  |d d. 1671. 
245 1 0 |a English orthographie or The art of right spelling, reading, pronouncing, and writing all sorts of English words :  |b Wherein such, as one can possibly mistake, are digested in an alphabetical order, under their several, short, yet plain rules. Also some rules for the points, and pronunciation, and the using of the great letters. Together with the difference between words of like sound. All which are so suited to every capacitie, that he, who studies this art, according to the directions in the epistle, may be speedily, and exactly grounded in the whole language. 
246 2 |a English orthographie 
246 2 |a Art of right spelling, reading, pronouncing, and writing all sorts of English words. 
260 |a Oxford :  |b printed by Henry Hall, for Francis Titon, at the three Daggers in Fleet street,  |c 1668. 
300 |a 1 online resource ([6], 67, [1] pages) 
336 |a text  |b txt  |2 rdacontent 
337 |a computer  |b c  |2 rdamedia 
338 |a online resource  |b cr  |2 rdacarrier 
500 |a Title page is A2. 
500 |a Reproduction of the original in the British Library. 
510 4 |a Wing (2nd edition)  |c P3395. 
510 3 |a Madan, III, 2807. 
533 |a Electronic reproduction.  |b Ann Arbor, Mich. :  |c UMI,  |d 1999-  |f (Early English books online)  |n Digital version of: (Early English books, 1641-1700 ; 1997:21)  |7 s1999 miun s 
650 0 |a English language  |x Orthography and spelling  |v Early works to 1800. 
830 0 |a Early English books online. 
856 4 0 |u http://proxy.library.tamu.edu/login?url=https://search.proquest.com/docview/2240860848  |z Connect to the full text of this electronic book  |t 0 
999 f f |s a68dc51e-76c3-3eb4-8bbe-7c4c2d5c030b  |i 72fc1a81-9201-361a-80ff-283294e7f6b8  |t 0 
952 f f |a Texas A&M University  |b College Station  |c Electronic Resources  |d Available Online  |t 0  |h No information provided 
998 f f |t 0  |l Available Online